logo

Bir Sreshtho Munshi Abdur Rouf Library
Jhenaidah Cadet College

কাশ্মীর : ইতিহাস কথা কয় / (Record no. 7472)

MARC details
000 -LEADER
fixed length control field 00698nam a2200229 a 4500
001 - CONTROL NUMBER
JCCL Control Number 7472
003 - CONTROL NUMBER IDENTIFIER
JCCL marc code BD-JhCC
005 - DATE AND TIME OF LATEST TRANSACTION
control field 20190917134018.0
008 - FIXED-LENGTH DATA ELEMENTS--GENERAL INFORMATION
fixed length control field b2003 bg |||| ||a| 000 0 ben d
020 ## - INTERNATIONAL STANDARD BOOK NUMBER
International Standard Book Number 9844017483
035 ## - SYSTEM CONTROL NUMBER
system control number (BD-JhCC) 7472
040 ## - CATALOGING SOURCE
Original cataloging agency BD-JhCC
Modifying agency BD-JhCC
041 ## - LANGUAGE CODE
Language code of Book ben
082 ## - DEWEY DECIMAL CLASSIFICATION NUMBER
Classification number 954.913
Author mark and Year HOS 2003
100 ## - MAIN ENTRY--PERSONAL NAME
Personal name হোসেন, তোফাজ্জল
245 ## - TITLE STATEMENT
Title কাশ্মীর : ইতিহাস কথা কয় /
Statement of responsibility, etc তোফাজ্জল হোসেন
260 ## - PUBLICATION, DISTRIBUTION, ETC. (IMPRINT)
Place of publication, distribution, etc ঢাকা :
Name of publisher, distributor, etc আগামী প্রকাশনী ,
Date of publication, distribution, etc 2003
300 ## - PHYSICAL DESCRIPTION
Pagination 160 p .:
Dimensions 22 cm .
650 ## - SUBJECT ADDED ENTRY--TOPICAL TERM
Topical term or geographic name as entry element Jammu and kashmir
942 ## - ADDED ENTRY ELEMENTS (KOHA)
Source of classification or shelving scheme Dewey Decimal Classification
Koha item type Books
Koha issues (borrowed), all copies 4
Holdings
Source of classification or shelving scheme Damaged status Not for loan Home library Current library Shelving location Date of accession Cost, normal purchase price Total Checkouts Full call number Barcode Date last seen Date checked out Copy number Koha item type
Dewey Decimal Classification     JCC Rouf Library JCC Rouf Library General Stacks 02/10/2018 150.00 2 954.913 HOS 2003 9893 09/26/2019 09/16/2019 C-1 Books
Dewey Decimal Classification     JCC Rouf Library JCC Rouf Library General Stacks 04/21/2018 150.00   954.913 HOS 2003 13504 04/21/2018   C-2 Books

JCC Library | Contacts | JCC Home

Last Update on 23 September 2017
Copyright @ 2017-2020 JCC Rouf Library
Rouf Library, Jhenidah Cadet College (JCC), Bangladesh